[Event "HCL-E1594"]
[Site "www.playchess.de"]
[Date "2006.03.29"]
[Round "6"]
[White "PLUTARCO"]
[Black "Baldrick"]
[WhiteElo "2105"]
[BlackElo "1721"]
[PlyCount "31"]
[Result "1-0"]

1.e4 d5 2.exd5 Qxd5 3.Nc3 Qd6 4.d4 Nf6 5.Nf3 a6 
6.Bc4 b5 7.Bb3 e6 8.Bg5 Nbd7 9.O-O Bb7 10.d5 b4 
11.dxe6 fxe6 12.Na4 O-O-O 13.Qe2 Re8 14.c3 Nc5 
15.Rfd1 Bxf3 16.Qxf3 1-0

[Event "HCL-A2570"]
[Site "www.playchess.de"]
[Date "2006.03.29"]
[Round "9"]
[White "Sizilianer"]
[Black "sparpaket"]
[WhiteElo "1700"]
[BlackElo "1560"]
[PlyCount "98"]
[Result "0-1"]

1.d4 c5 2.e3 g6 3.Nf3 cxd4 4.exd4 Bg7 5.Bd3 Nf6 
6.O-O O-O 7.Bg5 d6 8.Re1 Nc6 9.c3 a6 10.Nbd2 b5 
11.Ne4 Bg4 12.h3 Bd7 13.Nxf6+ exf6 14.Bf4 d5 
15.Qd2 Qb6 16.Re2 Rfe8 17.Rae1 Re6 18.Bh6 Rae8 
19.Bxg7 Kxg7 20.Qf4 Na5 21.b3 b4 22.cxb4 Qxb4 
23.R2xe6 Rxe6 24.Rxe6 Bxe6 25.Bxa6 Qa3 26.Qe3 Qxa2 
27.Bf1 {(offering draw)}  Nxb3 28.Qc3 Na5 29.Ne1 
Nc4 30.Nd3 Qa5 31.Qxa5 Nxa5 32.Nb4 Kf8 33.f4 f5 
34.Kf2 Ke7 35.Kg3 f6 36.Be2 Nb3 37.Kf2 Nxd4 38.Bd1 
Kd6 39.Ke3 Nb5 40.Kd3 h5 41.h4 Na3 42.Ba4 Bf7 
43.Kd4 Nc4 44.Bb3 Nb6 45.g3 Be6 46.Ba2 Nc4 47.Nxd5 
Nd2 48.Nb4 Bxa2 49.Nxa2 Ne4 0-1

[Event "HCL-C4242"]
[Site "www.playchess.de"]
[Date "2006.03.29"]
[Round "8"]
[White "jittobr"]
[Black "aurelian"]
[WhiteElo "800"]
[BlackElo "800"]
[PlyCount "27"]
[Result "1-0"]

1.e4 e5 2.a3 Nf6 3.Nc3 Bc5 4.f3 O-O 5.Nge2 b6 
6.Ng3 a5 7.Bc4 Bb7 8.d3 Bd4 9.Bh6 Bxc3+ 10.bxc3 
gxh6 11.Qd2 d5 12.Qxh6 dxc4 13.Nf5 Nc6 
14.Qg7+ 1-0

[Event "HCL-M847"]
[Site "www.playchess.de"]
[Date "2006.03.29"]
[Round "13"]
[White "NOHAU"]
[Black "temple"]
[WhiteElo "2179"]
[BlackElo "1754"]
[PlyCount "36"]
[Result "0-1"]

1.e4 {Hello again.}  d5 {Hello.}  2.exd5 Nf6 3.d4 
Nxd5 4.Nf3 e6 5.Bd3 Be7 6.c3 O-O 7.O-O g6 8.Re1 
Re8 9.Ne5 Nd7 10.Qf3 Nxe5 11.dxe5 Rb8 12.Nd2 b6 
13.Ne4 Bb7 14.Bh6 c5 15.Bb5 f5 16.exf6 Nxf6 
17.Bxe8 Bxe4 18.Rxe4 Qxe8 0-1

[Event "HCL-A2653"]
[Site "www.playchess.de"]
[Date "2006.03.29"]
[Round "8"]
[White "MimiSiku"]
[Black "mrchess"]
[WhiteElo "1425"]
[BlackElo "1434"]
[PlyCount "46"]
[Result "1/2-1/2"]

1.e4 c5 2.c3 Nc6 3.Nf3 d6 4.d4 cxd4 5.cxd4 Nf6 
6.Nc3 g6 7.Bb5 Bd7 8.O-O Bg7 9.d5 Ne5 10.Nxe5 dxe5 
11.Qe2 O-O 12.f3 a6 13.Bxd7 Qxd7 14.Bg5 b5 15.b3 
Rac8 16.Nd1 Rc7 17.Nf2 Rfc8 18.Rfc1 R7xc1+ 19.Rxc1 
Rxc1+ 20.Bxc1 e6 21.dxe6 Qxe6 22.Qd3 Qd7 23.Bb2 
Qxd3 {(offering draw)}  1/2-1/2

[Event "HCL-A2627"]
[Site "www.playchess.de"]
[Date "2006.03.29"]
[Round "1"]
[White "stevetilbury"]
[Black "Snillie"]
[WhiteElo "1607"]
[BlackElo "1462"]
[PlyCount "33"]
[Result "1-0"]

1.d4 Nf6 2.c4 e5 3.dxe5 Ng4 4.Nf3 Nc6 5.Bf4 Bb4+ 
6.Nbd2 Qe7 7.e3 Ngxe5 8.Nxe5 Nxe5 9.Be2 O-O 10.O-O 
d6 11.Nb3 a5 12.a3 Bc5 13.Nxc5 dxc5 14.Qd5 Re8 
15.Rad1 c6 16.Qxe5 Qxe5 17.Bxe5 1-0

[Event "HCL-E1533"]
[Site "www.playchess.de"]
[Date "2006.03.29"]
[Round "9"]
[White "Abra"]
[Black "Glomp"]
[WhiteElo "1500"]
[BlackElo "1587"]
[PlyCount "78"]
[Result "0-1"]

1.e4 {Hello again,gg
}  e5 {Good luck again!}  2.Nf3 Nc6 3.Bc4 Bc5 4.d3 
Nf6 5.O-O d6 6.h3 O-O 7.c3 a5 8.a4 h6 9.Bd2 Qe7 
10.Nh2 Be6 11.Bxe6 Qxe6 12.Na3 Nd7 13.Kh1 f5 
14.exf5 Rxf5 15.Be3 Bxe3 16.fxe3 Raf8 17.Nc4 d5 
18.Nd2 Nc5 19.Rxf5 Qxf5 20.d4 Nd3 21.Qb1 e4 22.b3 
Qf2 23.Qd1 h5 24.Ndf1 Rf6 25.Qxh5 Qb2 26.Qxd5+ Kh8 
27.Qh5+ Kg8 28.Qe8+ Rf8 29.Qe6+ Rf7 30.Qe8+ Rf8 
31.Qe6+ Kh8 32.Kg1 Qxa1 33.Qxe4 Qd1 34.Nf3 Qe2 
35.Qh4+ Kg8 36.e4 Rxf3 37.gxf3 Qxf3 38.e5 Nf4 
39.Qg3 Ne2+ 0-1

[Event "HCL-T269"]
[Site "www.playchess.de"]
[Date "2006.03.29"]
[Round "5"]
[White "manifold"]
[Black "Concrete_Pluto"]
[WhiteElo "1604"]
[BlackElo "1130"]
[PlyCount "31"]
[Result "1-0"]

1.e4 e5 2.d4 c6 3.dxe5 Qa5+ 4.Nc3 Bb4 5.Qg4 Qxe5 
6.Bf4 Bxc3+ 7.Ke2 Qxe4+ 8.Be3 Qxc2+ 9.Kf3 Bxb2 
10.Re1 Ne7 11.Bg5 Qc3+ 12.Re3 Qc5 13.Rxe7+ Kf8 
14.Qe4 g6 15.Bh6+ Bg7 16.Re8+ 1-0

[Event "HCL-B3925"]
[Site "www.playchess.de"]
[Date "2006.03.29"]
[Round "2"]
[White "sparpaket"]
[Black "emmanuel69"]
[WhiteElo "1525"]
[BlackElo "1200"]
[PlyCount "69"]
[Result "1-0"]

1.e4 c6 2.d4 d5 3.e5 Bf5 4.Be3 e6 5.Nd2 Nd7 6.f4 
c5 7.dxc5 Bxc5 8.Bxc5 Nxc5 9.Ngf3 Ne7 10.Bb5+ Nd7 
11.O-O O-O 12.Nd4 Nc5 13.N2f3 Qb6 14.Kh1 a6 15.Be2 
Qxb2 16.Qd2 Ne4 17.Qe3 Qc3 18.Bd3 Rfd8 19.Rab1 b5 
20.Nh4 Qd2 21.Qf3 Ng6 22.Nhxf5 Qc3 23.Bxe4 dxe4 
24.Qxc3 Rac8 25.Qg3 Rc4 26.h4 Rcxd4 27.Nxd4 Rxd4 
28.f5 exf5 29.Rxf5 e3 30.e6 Rxh4+ 31.Qxh4 Nxh4 
32.e7 g6 {good play. thanks
}  33.e8Q+ {And to you!}  Kg7 34.Qxf7+ Kh6 
35.Qf8+ 1-0

[Event "HCL-B3949"]
[Site "www.playchess.de"]
[Date "2006.03.29"]
[Round "5"]
[White "Thrustnicely"]
[Black "Tofik"]
[WhiteElo "1073"]
[BlackElo "1298"]
[PlyCount "27"]
[Result "1-0"]

1.e4 {Hi}  e5 2.h4 d5 {Hallo, have a nice game!}  
3.Qh5 {Thanks - have a good one}  g6 4.Qxe5+ Be6 
5.Qxh8 Ne7 6.Qd4 Nbc6 7.Bb5 a6 8.Bxc6+ Nxc6 9.Qe3 
dxe4 10.Qxe4 Bc5 11.c3 Qf6 12.d4 Bb6 13.f3 O-O-O 
14.Bg5 1-0

[Event "HCL-E1617"]
[Site "www.playchess.de"]
[Date "2006.03.29"]
[Round "4"]
[White "Maccdavid"]
[Black "wbaldan"]
[WhiteElo "1594"]
[BlackElo "1603"]
[PlyCount "41"]
[Result "1-0"]

1.e4 {Hi and good luck}  e5 2.Nf3 Nc6 3.d4 exd4 
4.Nxd4 Bc5 5.Nf5 Qf6 6.Nc3 Nge7 7.Ne3 d6 8.g3 h5 
9.h4 Ne5 10.Be2 Bg4 11.f4 Bxe2 12.Qxe2 N5g6 
13.Ned5 Nxd5 14.Nxd5 Qd8 15.Be3 Bb6 16.O-O-O c6 
17.Bxb6 axb6 18.Nc3 f6 19.Qd3 Ke7 20.e5 {That's 
one way of castling Walter! :)}  dxe5 {Yes indeed. 
You don't leave me other options!}  
21.Qxg6 1-0

[Event "HCL-A2573"]
[Site "www.playchess.de"]
[Date "2006.03.29"]
[Round "6"]
[White "Andy1"]
[Black "scotty4u"]
[WhiteElo "1488"]
[BlackElo "1332"]
[PlyCount "67"]
[Result "1-0"]

1.e4 e5 2.Nf3 Nc6 3.d4 d6 4.d5 Nce7 5.c4 Nf6 6.Nc3 
Bg4 7.h3 Bh5 8.Be2 h6 9.O-O g5 10.g4 Bg6 11.Bd3 
Bg7 12.Be3 O-O 13.b4 b6 14.a4 c5 15.bxc5 bxc5 
16.a5 a6 17.Qc2 Qc7 18.Bd2 Nh7 19.Na4 Nc8 20.Rfb1 
h5 21.Nb6 Rb8 22.Nxc8 Rfxc8 23.Rxb8 Rxb8 24.Rb1 f6 
25.Rb3 hxg4 26.hxg4 Kf7 27.Qb2 Rxb3 28.Qxb3 Nf8 
29.Qb6 Qxb6 30.axb6 Nd7 31.Ba5 Bf8 32.b7 Nb8 
33.Bc7 Nd7 34.Bc2 1-0

[Event "HCL-A2637"]
[Site "www.playchess.de"]
[Date "2006.03.29"]
[Round "16"]
[White "scotty4u"]
[Black "Matu"]
[WhiteElo "1360"]
[BlackElo "1574"]
[PlyCount "44"]
[Result "0-1"]

1.e4 c6 2.Nf3 d5 3.Nc3 dxe4 4.Nxe4 Bf5 5.d3 Bxe4 
6.dxe4 Qxd1+ 7.Kxd1 Nf6 8.Bd3 Nbd7 9.Bf4 e6 10.Ke2 
Nc5 11.e5 Nxd3 12.cxd3 Nd5 13.Be3 O-O-O 14.Bxa7 b6 
15.a4 Kb7 16.Bxb6 Kxb6 17.a5+ Ka6 18.Ng5 Rd7 
19.Rhc1 c5 20.Rxc5 Bxc5 21.Nf3 Rb8 22.Ra2 
Nf4+ 0-1

[Event "HCL-C4219"]
[Site "www.playchess.de"]
[Date "2006.03.29"]
[Round "9"]
[White "Kelthek"]
[Black "Genesio"]
[WhiteElo "727"]
[BlackElo "1059"]
[PlyCount "29"]
[Result "1-0"]

1.e4 c5 2.Nf3 Nc6 3.e5 d5 4.c3 Bf5 5.d4 cxd4 
6.cxd4 e6 7.Nc3 Bb4 8.Bd2 Nge7 9.Bb5 O-O 10.O-O 
Qb6 11.Ne2 Qxb5 12.Bg5 Bg4 13.Nc3 Bxf3 14.Qxf3 h6 
15.Nxb5 1-0

[Event "HCL-A2603"]
[Site "www.playchess.de"]
[Date "2006.03.29"]
[Round "7"]
[White "Huib"]
[Black "dynamike"]
[WhiteElo "1327"]
[BlackElo "1475"]
[PlyCount "73"]
[Result "1-0"]

1.e4 {veel succes}  c5 2.Nf3 Nc6 3.d4 cxd4 4.Nxd4 
a6 5.Nc3 e6 6.Be3 Bb4 7.Bd3 Qa5 8.Nde2 Nf6 9.a3 
Be7 10.O-O O-O 11.f4 Ng4 12.Bd2 Qh5 13.h3 Nf6 
14.e5 Ne8 15.Kh2 f5 16.Na4 b5 17.Nb6 Rb8 18.Ba5 
Nxa5 19.Nxc8 {wat ben ik weer slim bezig}  Rxc8 
20.Qd2 Nc4 21.Bxc4 Rxc4 22.Qxd7 Qf7 23.Nd4 Nc7 
24.b3 Rc5 25.b4 Rc4 26.Nc6 Nd5 27.Rad1 Re8 28.Nd4 
Nc7 29.Nc6 Nd5 30.Nd4 Nc7 31.Nc6 Na8 32.Qb7 Kf8 
33.Rd7 Rxc2 34.Nxe7 Nb6 35.Qxb6 Rxe7 36.Qb8+ Qe8 
37.Rd8 1-0

[Event "HCL-C4213"]
[Site "www.playchess.de"]
[Date "2006.03.29"]
[Round "1"]
[White "n4337m"]
[Black "nichju"]
[WhiteElo "1486"]
[BlackElo "982"]
[PlyCount "81"]
[Result "1-0"]

1.e4 {good luck}  e5 {Good luck too}  2.Nf3 d6 
3.d4 exd4 4.Nxd4 c5 5.Nb3 Nf6 6.Nc3 Be7 7.Bb5+ Bd7 
8.a4 a6 9.Bc4 O-O 10.O-O Nc6 11.Bg5 Nb4 12.Qe2 Bg4 
13.f3 Be6 14.Rfd1 Bxc4 15.Qxc4 b5 16.axb5 axb5 
17.Nxb5 Rxa1 18.Rxa1 h6 19.Bf4 Nh5 20.Be3 Bf6 
21.c3 Nc2 22.Nxd6 Qxd6 23.Bxc5 Qd8 24.Rc1 Ne3 
25.Bxe3 g5 26.Bd4 Re8 27.Ra1 Re7 28.Ra6 Re6 
29.Rxe6 fxe6 30.Qxe6+ Kg7 31.Bxf6+ Nxf6 32.Nd4 h5 
33.Nf5+ Kg6 34.h3 Qd1+ 35.Kh2 g4 36.Nh4+ Kg5 
37.f4+ Kxf4 38.Qxf6+ Kxe4 39.Qe6+ Kf4 40.g3+ Kg5 
41.Qg6+ 1-0

[Event "HCL-A2598"]
[Site "www.playchess.de"]
[Date "2006.03.29"]
[Round "19"]
[White "scotty4u"]
[Black "mrchess"]
[WhiteElo "1289"]
[BlackElo "1470"]
[PlyCount "127"]
[Result "1/2-1/2"]

1.e4 c5 2.Bc4 Nc6 3.Qh5 e6 4.d3 Nd4 5.Qd1 Nf6 6.c3 
Nc6 7.Nf3 Be7 8.O-O O-O 9.h3 a6 10.e5 Nd5 11.Bxd5 
exd5 12.d4 c4 13.b3 b5 14.Bf4 Re8 15.Nbd2 Qa5 
16.b4 Qb6 17.Qc2 a5 18.a3 axb4 19.axb4 Rxa1 
20.Rxa1 Bb7 21.Ng5 Bxg5 22.Bxg5 Ra8 23.Rxa8+ Bxa8 
24.Nf3 h6 25.Be3 Qa6 26.Qb2 Qa4 27.Qc1 Ne7 28.g4 
Qa2 29.Qd2 Qb1+ 30.Qc1 Qe4 31.Qa1 Bc6 32.Kg2 Ng6 
33.Qa5 Nh4+ 34.Kf1 Qxf3 35.Qd8+ Kh7 36.Qxh4 Qd1+ 
37.Kg2 Qc2 38.g5 Qg6 39.Qf4 hxg5 40.Qxg5 Qxg5+ 
41.Bxg5 Kg6 42.Bh4 Kf5 43.Kf3 g5 44.Bg3 f6 45.exf6 
Kxf6 46.Kg4 Kg6 47.Bc7 Bb7 {(offering draw)}  
48.Bd8 {Very funny}  Bc8 49.Bxg5 d6+ 50.Kh4 Bxh3 
51.Kxh3 Kxg5 52.Kg3 Kf5 53.f3 Kg5 54.f4+ Kf6 
55.Kg4 Kg6 56.f5+ Kf7 57.Kg5 Kg7 58.f6+ Kf8 59.Kg6 
Kg8 60.Kf5 Kf7 61.Kg5 Kf8 62.Kf4 Kg8 63.Kf5 Kf7 
64.Kg5 {(offering draw)}  1/2-1/2

[Event "HCL-E1561"]
[Site "www.playchess.de"]
[Date "2006.03.29"]
[Round "25"]
[White "pkchess"]
[Black "mrchess"]
[WhiteElo "1674"]
[BlackElo "1418"]
[PlyCount "97"]
[Result "1-0"]

1.e4 {Hi again.Have a good game! It's -4C here and 
windy.}  c5 {here also}  2.Nf3 Nc6 3.d4 cxd4 
4.Nxd4 d6 5.c4 Nf6 6.Nc3 Qb6 7.Nb3 Bg4 8.Be2 Bxe2 
9.Qxe2 g6 10.Nd5 Nxd5 11.exd5 Nd4 12.Nxd4 Qxd4 
13.Be3 Qf6 14.Rd1 Qf5 15.Bd4 f6 16.O-O Bg7 17.Rfe1 
Qd7 18.Qf3 O-O 19.Re6 Rf7 20.Rde1 f5 21.Bxg7 Rxg7 
22.Qe3 Kf8 23.Qd4 b6 24.g3 Rc8 25.R1e3 Rc5 26.b3 
b5 27.Qxg7+ Kxg7 28.R6xe7+ Qxe7 29.Rxe7+ Kh6 
30.cxb5 Rxb5 31.Rxa7 Rxd5 32.a4 Rd1+ 33.Kg2 Rb1 
34.Rb7 d5 35.b4 Kg5 36.b5 h5 37.b6 d4 38.Kf3 Kf6 
39.a5 Ke6 40.a6 Kd6 41.a7 Ra1 42.Rb8 Ra3+ 43.Ke2 
Kc6 44.a8Q+ Rxa8 45.Rxa8 Kxb6 46.Rg8 Kc5 47.Rxg6 
Kc4 48.Kd2 d3 49.Rg5 1-0

[Event "HCL-B3937"]
[Site "www.playchess.de"]
[Date "2006.03.29"]
[Round "5"]
[White "RUDI"]
[Black "a137"]
[WhiteElo "1317"]
[BlackElo "731"]
[PlyCount "89"]
[Result "1-0"]

1.c4 e5 {Hello, good luck}  2.Nc3 {same to you, 
hi!}  c6 3.e4 Bc5 4.Be2 Qf6 5.Nf3 Ne7 6.O-O O-O 
7.d3 h6 8.b3 b5 9.Be3 Na6 10.cxb5 Bxe3 11.fxe3 Ng6 
12.bxc6 Qxc6 13.Nd5 Qc5 14.Rc1 Qa3 15.Qc2 Bb7 
16.Nd2 Bxd5 17.exd5 Nb4 18.Qc7 Nxd5 19.Qxd7 Nxe3 
20.Rf3 Rad8 21.Qc7 Nd5 22.Qc5 Qxa2 23.Rc2 Qa1+ 
24.Rc1 Qd4+ 25.Qxd4 exd4 26.Bf1 a5 27.Rc5 Ndf4 
28.Rxa5 Rdc8 29.Ne4 Rc1 30.Kf2 Rc2+ 31.Kg1 Ne2+ 
32.Bxe2 Rxe2 33.b4 Nh4 34.Rf2 Re3 35.Rd2 f5 36.Nc5 
Rfe8 37.b5 R3e1+ 38.Kf2 f4 39.b6 Nf5 40.b7 Nd6 
41.Rb2 Rc1 42.Ra8 Rxc5 43.Rxe8+ Nxe8 44.b8Q Kf7 
45.Rb7+ 1-0

[Event "HCL-A2615"]
[Site "www.playchess.de"]
[Date "2006.03.29"]
[Round "1"]
[White "SMLooking"]
[Black "bossjos"]
[WhiteElo "1479"]
[BlackElo "1244"]
[PlyCount "81"]
[Result "1-0"]

1.d4 {hi, have a nice game!}  f5 {nice to meet you 
again}  2.c4 Nf6 3.Nc3 d6 4.Nf3 g6 5.Bg5 Bg7 6.e3 
O-O 7.Bd3 Nc6 8.a3 e5 9.dxe5 dxe5 10.e4 f4 11.Nd5 
Be6 12.O-O Bxd5 13.cxd5 Ne7 14.Nxe5 h6 15.Bxf6 
Bxf6 16.Ng4 Bg7 17.Rb1 Kh7 18.Qc2 Qd6 19.Rbe1 h5 
20.e5 Qxd5 21.Nf6+ Bxf6 22.exf6 Nf5 23.Bxf5 Qxf5 
24.Re7+ Kh6 25.Qxf5 gxf5 26.Rxc7 Rxf6 27.Rxb7 Kg6 
28.h4 Ra6 29.Rd1 Re8 30.Rdd7 Re1+ 31.Kh2 Rb1 
32.Rdg7+ Kf6 33.Rbf7+ Ke6 34.Rfb7 Ke5 35.Rb5+ Kf6 
36.Rh7 Kg6 37.Rhb7 Kf6 38.f3 Kg6 39.R5b4 Re6 
40.Rxa7 Ree1 41.Rb6+ 1-0

[Event "HCL-E1558"]
[Site "www.playchess.de"]
[Date "2006.03.29"]
[Round "8"]
[White "Tassiac"]
[Black "XANDERKIRV"]
[WhiteElo "1560"]
[BlackElo "1449"]
[PlyCount "52"]
[Result "0-1"]

1.d4 d5 2.c4 e6 3.e3 Nf6 4.Nf3 dxc4 5.Bxc4 c6 
6.O-O b5 7.Be2 Bb7 8.Nc3 Be7 9.Re1 O-O 10.a3 Nbd7 
11.e4 h6 12.Bf4 Re8 13.b4 a5 14.Qb3 a4 15.Qb2 Nf8 
16.Rad1 Ng6 17.Bc1 Qc7 18.Be3 Ng4 19.Bc1 Nh4 20.g3 
Nxf3+ 21.Bxf3 Nf6 22.Bf4 Qc8 23.Rdc1 Qd8 24.Red1 
g5 25.Be3 Bf8 26.d5 Qb8 0-1

[Event "HCL-E1558"]
[Site "www.playchess.de"]
[Date "2006.03.29"]
[Round "3"]
[White "Tassiac"]
[Black "sas"]
[WhiteElo "1560"]
[BlackElo "1979"]
[PlyCount "32"]
[Result "0-1"]

1.d4 c6 {hello Tassiac, i wish an interesting 
game.}  2.e4 {i hope so too thanks}  d5 3.f3 dxe4 
4.fxe4 e5 5.Nf3 Be6 6.Be2 Nd7 7.O-O Qb6 8.Kh1 Ngf6 
9.Nc3 O-O-O 10.Na4 Qa5 11.Nc3 exd4 12.Nb1 Nxe4 
13.Nxd4 Ne5 14.c3 Nf6 15.Qe1 Bd5 16.Bg5 
Be7 0-1

[Event "HCL-B3927"]
[Site "www.playchess.de"]
[Date "2006.03.29"]
[Round "17"]
[White "evets"]
[Black "larese"]
[WhiteElo "1311"]
[BlackElo "763"]
[PlyCount "127"]
[Result "1-0"]

1.Nf3 Nc6 2.d4 d5 3.Nbd2 Nf6 4.e3 Bg4 5.c3 e5 
6.Qb3 Na5 7.Qa4+ Nc6 8.Nxe5 Bd7 9.Bb5 Bd6 10.Nxc6 
bxc6 11.Bxc6 Rb8 12.Bxd7+ Nxd7 13.Qxa7 O-O 14.Qa4 
Nb6 15.Qc2 Re8 16.O-O Qh4 17.Nf3 Qh5 18.Re1 g5 
19.Qf5 Re4 20.h3 Qh6 21.Qxg5+ Qxg5 22.Nxg5 Rh4 
23.g3 Rh5 24.e4 h6 25.e5 Be7 26.g4 Rxg5 27.Bxg5 
Bxg5 28.e6 f6 29.Re2 Nc4 30.b3 Nd6 31.Kg2 Ne4 
32.f3 Nxc3 33.Rc2 Nb5 34.Rc5 Nxd4 35.e7 c6 36.Rd1 
Ne6 37.Rxc6 Nf4+ 38.Kg3 Ne2+ 39.Kh2 Bf4+ 40.Kg2 
Kf7 41.Rxd5 Kxe7 42.Ra5 Rb7 43.Rd5 Ra7 44.a4 Bc7 
45.Rh5 Nf4+ 46.Kf2 Nxh5 47.gxh5 Rb7 48.Rc3 Ba5 
49.Re3+ Kf7 50.Kg3 f5 51.f4 Kf6 52.Rd3 Ke6 53.Kf3 
Rb4 54.Re3+ Kd5 55.Re5+ Kd4 56.Rxa5 Rxb3+ 57.Kg2 
Ke4 58.Ra6 Kxf4 59.Rxh6 Kg5 60.Rh8 Ra3 61.h6 Rxa4 
62.h7 Kh6 63.Rf8 Ra5 64.h8Q+ {Kxp and it probably 
is a draw now I obtain a Q and you are mated in 3 
moves}  1-0

[Event "HCL-C4067"]
[Site "www.playchess.de"]
[Date "2006.03.29"]
[Round "9"]
[White "trebli"]
[Black "Clarke"]
[WhiteElo "852"]
[BlackElo "800"]
[PlyCount "53"]
[Result "1-0"]

1.e4 e5 2.d3 d6 3.Nc3 Nc6 4.Nf3 Nf6 5.Be3 Bd7 6.g3 
Nd4 7.Qd2 Nxf3+ 8.Ke2 Nxd2 9.Kxd2 b6 10.Bg2 Bc6 
11.Bf3 g6 12.b3 Bg7 13.a4 Qc8 14.h4 Ng4 15.Raf1 h5 
16.Bg5 Qe6 17.Rhg1 Bh6 18.Rgh1 Bxg5+ 19.hxg5 f6 
20.Nd5 Bxd5 21.exd5 Qf7 22.Bxg4 fxg5 23.c4 Rd8 
24.Ke3 Qg7 25.Be6 Qf6 26.b4 Rf8 
27.Rhg1 1-0

[Event "HCL-C4109"]
[Site "www.playchess.de"]
[Date "2006.03.29"]
[Round "5"]
[White "Dereck"]
[Black "DaLyrik"]
[WhiteElo "1344"]
[BlackElo "760"]
[PlyCount "99"]
[Result "1-0"]

1.Nc3 Nf6 2.Nf3 c6 3.b3 g6 4.Bb2 b5 5.e4 d6 6.e5 
dxe5 7.Nxe5 Qd6 8.Nxf7 Kxf7 9.Qf3 Bg4 10.Qg3 Qxg3 
11.fxg3 Nbd7 12.Ne4 Bg7 13.Ng5+ Ke8 14.Ne6 Kf7 
15.Nxg7 Kxg7 16.h3 Bf5 17.O-O-O e5 18.d4 Rad8 
19.dxe5 Nd5 20.e6+ N7f6 21.g4 Bxe6 22.g5 Ne3 
23.Bxf6+ Kf7 24.Rxd8 Rxd8 25.Bxd8 Ke8 26.Bf6 Nd5 
27.Bd3 Nf4 28.Re1 Kf7 29.Be4 c5 30.Bc6 b4 31.Kd2 
a5 32.g3 Nh5 33.Rf1 Nxg3 34.Be5+ Nxf1+ 35.Ke2 Bxh3 
36.Bf4 Ke6 37.Kd3 Kf5 38.Bd6 Kxg5 39.Bxc5 Ng3 
40.Bb6 Bf1+ 41.Kd4 Ne2+ 42.Kc5 Nc3 43.Bxa5 Nxa2 
44.Bxb4 Nxb4 45.Kxb4 Kf5 46.c4 h5 47.Bd7+ Kf6 
48.c5 h4 49.c6 Ba6 50.Ka5 1-0

[Event "HCL-T249"]
[Site "www.playchess.de"]
[Date "2006.03.29"]
[Round "1"]
[White "ETC_Chess"]
[Black "daveboy6968"]
[WhiteElo "2172"]
[BlackElo "940"]
[PlyCount "67"]
[Result "1-0"]

1.e4 e5 2.Nf3 Nc6 3.c3 d6 {hello+good luck :-)}  
4.d4 Bg4 5.Qb3 b6 6.Ng5 Qd7 7.Bb5 a6 8.Bxc6 Qxc6 
9.Qxf7+ Kd8 10.Qxf8+ Qe8 11.Nf7+ Kd7 12.Qxg7 Bh5 
13.Nxe5+ Kc8 14.Qxh8 Bg6 15.Nd2 Kb7 16.O-O Qe6 
17.Nxg6 Qxg6 18.e5 Ne7 19.Qf6 Rg8 20.Qxg6 Nxg6 
21.Nf3 dxe5 22.dxe5 Ne7 23.Re1 Nc6 24.e6 Ne7 
25.Bg5 Rg7 26.Bxe7 Rxe7 27.Rad1 a5 28.Rd7 Rxd7 
29.exd7 Kc6 30.d8Q Kb7 31.Re7 Ka6 32.Rxc7 Kb5 
33.Qd3+ Ka4 34.Qc4+ 1-0

[Event "HCL-C4181"]
[Site "www.playchess.de"]
[Date "2006.03.29"]
[Round "7"]
[White "epenz"]
[Black "Skipper_Robert"]
[WhiteElo "869"]
[BlackElo "977"]
[PlyCount "146"]
[Result "0-1"]

1.e4 e5 2.Nf3 d6 3.Nc3 Nc6 4.d3 Nf6 5.Be2 d5 
6.exd5 Nxd5 7.O-O Bc5 8.Re1 h6 9.h3 Be6 10.Bf1 Qf6 
11.a3 Nd4 12.Nxd4 Bxd4 13.Be3 Bxc3 14.bxc3 Nxc3 
15.Qd2 e4 16.d4 Nd5 17.c4 Nb6 18.c5 Nc4 19.Qc2 
Nxe3 20.fxe3 Qh4 21.Qf2 g5 22.Qxh4 gxh4 23.Rac1 c6 
24.a4 Rg8 25.g4 O-O-O 26.Kh2 h5 27.gxh5 Rgh8 
28.Bg2 Bf5 29.Ref1 Be6 30.Bxe4 Rxh5 31.Bf3 Rh7 
32.Bg4 a6 33.Bxe6+ fxe6 34.Rf6 Re8 35.Rcf1 Rhh8 
36.R1f4 b5 37.a5 Kd8 38.Re4 b4 39.Rexe6 Kd7 
40.Rxe8 Rxe8 41.Rf3 b3 42.Rf1 Rxe3 43.Rd1 b2 
44.Kg2 Rb3 45.Rb1 Ke6 46.Kf2 Kd5 47.Ke2 Kxd4 
48.Kd2 Kxc5 49.Kc2 Kb4 50.Rxb2 Rxb2+ 51.Kxb2 Kxa5 
52.Kb3 Kb5 53.Kc3 Kc5 54.Kb3 a5 55.Ka3 Kb5 56.Kb3 
a4+ 57.Kc3 c5 58.Kb2 Kb4 59.Kc2 a3 60.Kb1 Kb3 
61.Ka1 c4 62.Kb1 c3 63.Ka1 Kb4 64.Kb1 c2+ 65.Kxc2 
Ka4 66.Kb1 Kb3 67.Ka1 Kc3 68.Ka2 Kd3 69.Kxa3 Ke3 
70.Kb3 Kf3 71.Kc3 Kg3 72.Kd3 Kxh3 73.Ke3 
Kg2 0-1

[Event "HCL-C4161"]
[Site "www.playchess.de"]
[Date "2006.03.29"]
[Round "5"]
[White "EdDaChed"]
[Black "Tribun"]
[WhiteElo "1103"]
[BlackElo "759"]
[PlyCount "59"]
[Result "1-0"]

1.d4 d5 2.e3 e6 3.Nc3 a6 4.Nf3 Bd6 5.Bd3 Bd7 6.e4 
Nf6 7.e5 Bxe5 8.dxe5 Nh5 9.Ng5 Qe7 10.Qxh5 g6 
11.Qf3 f5 12.Be3 Nc6 13.g4 Nb4 14.O-O-O O-O-O 
15.Nh3 Nc6 16.Bg5 Qc5 17.Bxd8 Rxd8 18.Ng5 h6 
19.Nf7 Rf8 20.Nxh6 Nb4 21.a3 a5 22.gxf5 d4 23.Na4 
Bxa4 24.Rd2 Qxe5 25.Re2 Na2+ 26.Kb1 Qd5 27.Qxd5 
exd5 28.Kxa2 b5 29.b3 Kd7 30.bxa4 1-0

[Event "HCL-C4130"]
[Site "www.playchess.de"]
[Date "2006.03.29"]
[Round "29"]
[White "handrej68"]
[Black "ronan48"]
[WhiteElo "1279"]
[BlackElo "876"]
[PlyCount "51"]
[Result "1-0"]

1.d4 d5 2.Bg5 f6 3.Bf4 g5 4.Bg3 Nc6 5.Nc3 e6 6.Nb5 
Bd7 7.Nxc7+ Ke7 8.Nxa8 Qxa8 9.e3 Nh6 10.h3 a5 
11.c3 a4 12.Bd3 Na5 13.Qc2 g4 14.hxg4 Nxg4 15.Nf3 
Bg7 16.Ke2 b5 17.Rxh7 Rxh7 18.Bxh7 Nc4 19.Qg6 Nh6 
20.Qxg7+ Kd8 21.Qxf6+ Kc8 22.Qxh6 Kb7 23.Qg7 Nb6 
24.Ne5 Qd8 25.Bg8 Nc4 26.Qxd7+ 1-0

[Event "HCL-M888"]
[Site "www.playchess.de"]
[Date "2006.03.29"]
[Round "27"]
[White "PieceSeeker3"]
[Black "richard"]
[WhiteElo "1620"]
[BlackElo "1842"]
[PlyCount "42"]
[Result "0-1"]

1.e4 {Hello, hope to give you a better game}  e6 
2.d4 d5 {don't overdo it}  3.e5 c5 4.c3 Nc6 5.Nf3 
Bd7 6.Be2 Nge7 7.O-O Ng6 8.g3 f6 9.Bd3 cxd4 
10.cxd4 Be7 11.h4 fxe5 12.Bxg6+ hxg6 13.dxe5 Qc7 
14.Qd3 Nxe5 15.Nxe5 Qxe5 16.Qxg6+ Kf8 17.Nc3 Be8 
18.Qg4 Bh5 19.Qf4+ Qxf4 20.Bxf4 g5 21.hxg5 
Bf3 0-1

[Event "HCL-C4170"]
[Site "www.playchess.de"]
[Date "2006.03.29"]
[Round "12"]
[White "Thrustnicely"]
[Black "epenz"]
[WhiteElo "1024"]
[BlackElo "869"]
[PlyCount "99"]
[Result "1-0"]

1.d4 {Let's go !!}  d5 {hi...}  2.c4 c6 3.c5 b6 
4.b4 Nf6 5.f3 Bf5 6.g4 Bg6 7.Nc3 h6 8.e4 e6 9.Qe2 
Be7 10.e5 Nfd7 11.h4 a5 12.b5 bxc5 13.dxc5 Nxc5 
14.bxc6 Nxc6 15.Qb5 Qc7 16.Qb2 Bd3 17.f4 Bxf1 
18.Kxf1 Rb8 19.Nb5 Qb6 20.Rb1 O-O 21.Be3 Qa6 
22.Bxc5 Bxc5 23.Rh3 Nd4 24.Rb3 Nxb3 25.Qxb3 Rxb5 
26.Qxb5 Qxb5+ 27.Rxb5 Bb4 28.Ne2 Rd8 29.Nd4 f6 
30.Nxe6 Rd7 31.Rb8+ Kh7 32.exf6 gxf6 33.Rxb4 axb4 
34.Nf8+ Kg7 35.Nxd7 Kf7 36.Nc5 Ke7 37.h5 Kd6 
38.Nd3 d4 39.g5 fxg5 40.fxg5 Kd5 41.gxh6 Kc4 42.h7 
Kxd3 43.h8Q Kc3 44.Qc8+ Kb2 45.Qc4 Ka3 46.h6 d3 
47.h7 d2 48.Qd3+ Kxa2 49.Qxd2+ Ka3 
50.h8Q 1-0

[Event "HCL-B3947"]
[Site "www.playchess.de"]
[Date "2006.03.29"]
[Round "1"]
[White "Saudoso"]
[Black "miehierjoshi"]
[WhiteElo "1200"]
[BlackElo "1845"]
[PlyCount "26"]
[Result "0-1"]

1.e4 c5 2.f4 d5 3.exd5 Nf6 4.Bb5+ Bd7 5.Bxd7+ 
Nbxd7 6.Nc3 Nb6 7.Qf3 Nbxd5 8.Nge2 e6 9.O-O Bd6 
10.Nxd5 Nxd5 11.f5 O-O 12.fxe6 fxe6 13.Qxf8+ 
Bxf8 0-1

[Event "HCL-E1598"]
[Site "www.playchess.de"]
[Date "2006.03.29"]
[Round "21"]
[White "Tarrega"]
[Black "carlosmadeira"]
[WhiteElo "1779"]
[BlackElo "1617"]
[PlyCount "57"]
[Result "1-0"]

1.e4 d6 2.d4 g6 3.Nc3 Bg7 4.Be3 Nf6 5.Qd2 O-O 
6.O-O-O a6 7.Bh6 Nc6 8.Bxg7 Kxg7 9.h4 e5 10.Nge2 
Ng4 11.Qe1 f5 12.exf5 Bxf5 13.Ng3 Nxd4 14.Nxf5+ 
Nxf5 15.h5 Qg5+ 16.Kb1 Ne7 17.hxg6 hxg6 18.Ne4 Qf4 
19.f3 Nh2 20.g3 Qh6 21.Qc3 Rac8 22.f4 Rxf4 23.gxf4 
Qxf4 24.Bd3 Nd5 25.Qd2 Qxd2 26.Rxd2 Nf3 27.Rf2 Nd4 
28.Rfh2 Nf5 29.R2h7+ 1-0

[Event "HCL-A2656"]
[Site "www.playchess.de"]
[Date "2006.03.29"]
[Round "10"]
[White "Felipe_Lungov"]
[Black "Matu"]
[WhiteElo "1266"]
[BlackElo "1593"]
[PlyCount "52"]
[Result "0-1"]

1.d4 {hello again}  Nf6 {hello again}  2.c4 e6 
3.Nf3 d5 4.e3 a6 5.Be2 dxc4 6.Bxc4 b5 7.Bd3 Bb7 
8.O-O Nbd7 9.b3 Be7 10.Bb2 O-O 11.Qc2 Rc8 12.Nbd2 
c5 13.dxc5 Bxc5 14.Bc3 b4 15.Bb2 Bxe3 16.Qd1 Ba7 
17.Rc1 Nc5 18.Bc4 Nfe4 19.Rc2 Qe7 20.Nxe4 Nxe4 
21.Bd4 Rfd8 22.Qd3 e5 23.Nxe5 Rxd4 24.Qe2 Qxe5 
25.Re1 Qf6 26.f3 Rd2+ 0-1